Personnage des aventures de Tintin : Tchang Tchong-jen - Statistiques

Statistiques générales
  • Ce quiz a été pris 56 fois
  • Le résultat moyen est 13 sur 22
Statistiques - réponses
Questions Réponses % Correct
Album dans lequel Tchang apparaît. Le Lotus bleu
100%
Créature qui prit soin de Tchang après la catastrophe. Le yeti
88%
Couleur de l'écharpe de Tchang qu'il avait lancée dans le vide et qui est découverte par Tintin. Jaune
84%
Toujours de ce que Tintin raconte à Tchang, "Ces mêmes Européens croient, dur comme fer, que toutes les Chinoises, sans exception, ont des ___ minuscules et que maintenant encore, toutes les petites filles chinoises subissent mille tortures destinées à empêcher leurs ___ de se développer normalement." Pieds
84%
Album dans lequel Tchang apparait pour la seconde fois. Tintin au Tibet
84%
Ville de Chine alors colonie britannique d'où Tchang écrivit à Tintin. Hong Kong
72%
Capitale européenne où le frère du père adoptif (réponse #8) de Tchang est antiquaire et lui propose de le rejoindre. Londres
72%
Dictateur communiste chinois dont le régime détruisit une partie des œuvres de Tchang. Mao Tsé-toung
70%
Matière à partir de laquelle l'écharpe de Tchang est faite. De la soie chinoise
67%
Pays asiatique où Tchang devait se rendre chez un cousin de son père adoptif au moment de la catastrophe. Le Népal
58%
Art dans lequel excellait le vrai Tchang Tchong-jen. Il a notamment reçu le premier prix en représentant sainte Marie-Madeleine baignant les pieds de Jésus-Christ et a été médaillé par le Roi Albert Ier de Belgique. La sculpture
51%
Album dans lequel Tchang n'apparaît pas mais dans lequel Tintin est heureux de recevoir une lettre de sa part depuis la capitale européenne où vit le frère de son père adoptif. Les Bijoux de la Castafiore
49%
Nom que les Européens donnent au conflit qui s'est déroulé en Chine entre 1899 et 1901, révolte organisée par des ultra-nationalistes chinois et matée par les Européens colonisateurs. Tchang dit que les "méchants blancs" ont massacré ses grands-parents pendant cette révolte. La Révolte des Boxeurs
47%
Grand fleuve en crue duquel Tintin sauve Tchang de la noyade. Le Yang-Tsé-Kiang
47%
Fondateur de la société des Fils du Dragon, qui lutte contre les ravages de l’opium en Chine. Avec son épouse, il adopta Tchang. Wang Jen-Ghié
47%
Complétez cette réplique de Tchang : "Il y a un __-__-__ dans mon cœur, Vénérable ! Je pleure le départ de Tintin et je ris de retrouver un papa et une maman." Arc-en-ciel
44%
Catastrophe à laquellle survit Tchang dans le second album dans lequel il apparaît. Un accident d'avion
44%
Ville fictive chinoise vers laquelle doit se rendre Tintin, Tchang désirant l'y accompagner. Il connait un raccourci. Hou Kou
42%
Tresses de cheveux plates. Tintin raconte à Tchang que beaucoup d'Européens s'imaginent que tous les Chinois en portent. Poncif jadis dessiné par Hergé lui-même dans "Tintin au pays des Soviets". Des nattes
37%
Mouvement politique initié par le précédent à partir de 1966 qui visait à la répression des tendances à l'embourgeoisement, la rééducation des intellectuels droitiers déportés dans les campagnes, l'extermination systématique de millions d'individus réfractaires au pouvoir. Au cours de cette période, Tchang fut réduit à se faire balayeur. Pendant ce temps, Hergé lui envoya de nombreuses lettres mais n'obtint jamais de réponse. La Révolution culturelle
37%
Ville universitaire belge, chef-lieu de l'actuel "Brabant flamand". Le Père Léon Gosset, aumônier des étudiants chinois de l'université catholique de cette ville, mit Hergé en contact avec le vrai Tchang Tchong-jen qui deviendra son ami. Louvain
30%
Nom de cette société secrète chinoise qui déclencha la révolte précédente, société citée par Tchang : "Les Poings de la _____ et de la concorde". Justice
28%
Aucun quiz correspondant
Distribution des résultats
% des personnes avec chaque résultat
Percentile par nombre de réponses
Votre historique - résultats
Vous n’avez pas pris ce quiz